Word Ladder: Big 4 Sports Teams Quiz Stats

Quiz Updated Jul 25, 2015

Challenge
Share
Tweet
Embed
Score 0/48 Timer 06:00
0 Plays Today
Clue 4-Letter Word % Correct
'NBA Slam ___ Contest'DUNK
86.8%
Basketball great ChamberlainWILT
84.6%
Brazilian former soccer greatPELÉ
81.5%
'Notre ___': The Fighting IrishDAME
80.6%
Seattle Seahawks coach CarrollPETE
79.4%
'Points' in baseballRUNS
77.4%
❍ NHL Team ❍WILD
77%
❍ NBA Team ❍SUNS
75.2%
A lump left after a HBPWELT
75%
❍ NBA Team ❍HEAT
74.8%
❍ NFL or NHL Team ❍JETS
73.7%
Unite the metal pieces to make a goal postWELD
73.1%
Deliver a succession of punchesPELT
71.6%
Illegally grabbed a player in the NFLHELD
71.6%
Ones who play in Little LeagueKIDS
70.9%
Made a golf puttSUNK
70.6%
❍ MLB Team ❍REDS
68.9%
❍ NBA Team ❍NETS
68.1%
❍ MLB Team ❍METS
67.2%
❍ MLB Team ❍CUBS
64.4%
Brand of tennis racketHEAD
63.8%
A brand of sneakersKEDS
62.4%
Scribbles down notes on the gameJOTS
62.1%
❍ MLB Team ❍RAYS
61.4%
Clue 4-Letter Word % Correct
A drop shotDINK
61.3%
❍ NFL Team ❍RAMS
61%
A springing ballet jumpJETÉ
60.7%
Superbowl XXXIII pregame show bandKISS
60.2%
Had made a bell sound to start the matchRUNG
60.1%
This may slip in a sports injuryDISK
59.6%
Rafael Palmeiro's birthplaceCUBA
59.1%
MLB's Beck and CarewRODS
58.8%
Insult or criticize the other teamDISS
58.1%
How fans 'go,' when their team winsNUTS
56.6%
'The Say Hey Kid'MAYS
55.9%
Bill Parcells: 'The Big ___'TUNA
55.5%
These are made to the team after spring trainingCUTS
55.5%
A sousaphone at halftime is a type of thisTUBA
55.4%
Like sweatsocks, after the gameDAMP
54.6%
Part of a BMX race courseRAMP
53.9%
❍ NBA Team ❍JAZZ
53.1%
Swedish tennis player WilanderMATS
52.5%
Oil used to varnish cricket batsTUNG
45.6%
Stun your opponent with a blowDAZE
42.9%
Tear down an old stadiumRAZE
41%
Anthem butcherer Stone at NFL London gameJOSS
39.5%
Canadian snowboarder RebagliatiROSS
38.5%
A Bronx cheer or other rude audience soundRAZZ
37.9%

Today's Daily Dose

Missing Word
Fruity Song Titles

Quick Pick
Double Blanks

On This Day
June 22nd II

You're not logged in!

Compare scores with friends on all Sporcle quizzes.
Join for Free
OR
Log In

You Might Also Like...

Show Comments

Extras

Top Quizzes Today


Score Distribution

Your Account Isn't Verified!

In order to create a playlist on Sporcle, you need to verify the email address you used during registration. Go to your Sporcle Settings to finish the process.

Report this User

Report this user for behavior that violates our Community Guidelines.

Details: